000 01141nam a2200313 i 4500
001 000013967
003 DO-SdBNP
005 20250130135844.0
007 ta
008 091130s1985 dr 001 0 spa d
040 _aDO-SdBNP
_bspa
_cBNPHU
_erda
049 2 _aBNPD
082 4 _axxx
_bR426r
_222
110 1 _aRepública Dominicana.
_bSecretaría de Estado de Educación, Bellas Artes y Cultos
_923965
245 1 0 _aRecursos audiovisuales /
_cPatria Nilda Bautista, Josefina Beltini, José Alfonso Cabral, Verena Genao, Rafaela Pérez.
264 1 _aSanto Domingo :
_bDirección General de Medios Educativos,
_c1985.
300 _a228 páginas :
_bilustraciones, gráficos ;
_c25 cm.
336 _atexto
_btxt
_2rdacontent
337 _asin medición
_bn
_2rdamedia
338 _avolumen
_bnc
_2rdacarrier
504 _aBibliografía : páginas 226 -228
590 _aInventariado, 2024/BT
700 1 _aBillini, Josefina
_931224
700 1 _aCabral, José Alfonso
_931225
700 1 _aGenao, Verena
_931226
700 1 _aPérez, Rafaela
_931227
710 2 _aOrganización de los Estados Americanos
_917918
942 _2ddc
_cLBS1
999 _c13571
_d13571